El último Heidegger

Saved in:
Bibliographic Details
Main Author: Derisi, Octavio Nicolás (autor)
Format: Book
Language:Spanish
Published: Buenos Aires Eudeba 1968
Edition:2a. ed
Series:Ensayor
Subjects:
Tags: Add Tag
No Tags, Be the first to tag this record!

MARC

LEADER 00000cam a2200000 a 4500
001 UCD0255
003 CL-VaPUC
008 151120e19680000ag |||||||||||||||||spa|d
082 0 4 |a 200  |b DER  |2 21 
100 |a Derisi, Octavio Nicolás  |e autor  |9 378207 
245 1 3 |a El último Heidegger 
250 |a 2a. ed 
300 |a 111 p 
942 |c BK 
945 |d 20151120 13:39:00  |a gsalatino 
260 |a Buenos Aires  |b Eudeba  |c 1968 
600 0 |a Tomás de Aquino  |d 1220-1274  |c Santo  |9 255832 
650 0 |a Filosofía tomista   |9 373993 
650 0 |a Existencia (Filosofía)  |9 523276 
583 |a last modification  |c 20151120 13:39:00  |k Rodrigo Vera 
490 0 |a Ensayor 
999 |c 361821  |d 361819 
952 |0 0  |1 0  |3 erb  |4 0  |6 200_000000000000000_DER_1968  |7 0  |8 P  |9 472535  |a BIBTEO  |b BIBTES  |c TEO_FTES  |i 5270545  |o 200 DER 1968  |p 5270545  |r 2024-01-18  |w 2019-11-24  |y BK  |z Catalogado en:20151120  |k ICR